SSC Mathematics Chapterwise & Typewise Solved Papers 1999- Till Date 10500+ Obj. Qus. (Record no. 63467)
[ view plain ]
| 000 -LEADER | |
|---|---|
| fixed length control field | 00288nam a22000977a 4500 |
| 100 ## - MAIN ENTRY--AUTHOR NAME | |
| Personal name | Kiran Pub. |
| 245 ## - TITLE STATEMENT | |
| Title | SSC Mathematics Chapterwise & Typewise Solved Papers 1999- Till Date 10500+ Obj. Qus. |
| 300 ## - PHYSICAL DESCRIPTION | |
| Number of Pages | Delhi |
| Other physical details | Kiran's Publication |
| Accompanying material | 2020 |
| 650 ## - SUBJECT ADDED ENTRY--TOPICAL TERM | |
| Topical Term | Maths |
| 942 ## - ADDED ENTRY ELEMENTS (KOHA) | |
| Koha item type | Books |
| Withdrawn status | Lost status | Damaged status | Not for loan | Home library | Current library | Date acquired | Cost, normal purchase price | Full call number | Accession Number | Price effective from | Koha item type |
|---|---|---|---|---|---|---|---|---|---|---|---|
| MACL | MACL | 03/10/2020 | 695.00 | 510 | GCLC00912 | 03/10/2020 | Books | ||||
| MACL | MACL | 03/10/2020 | 695.00 | 510 | GCLC00913 | 03/10/2020 | Books |









